000 00795 a2200229 4500
005 2008090507457.0
008 080905t xxu||||| |||| 00| 0 eng d
010 _aENG-87535
020 _c995.00
_a8131303061
035 _aEN-71068
037 _bD.B.Act / Pub
082 _a660.6
245 _aBiotechnology
_cby B. N. Pandey...[et.al]
260 _aNew Delhi
_bA P H Publishing
_c2008
300 _aix, 404 p.
_c22 cm. (Hb).
500 _aIncludes bibliographical references
700 _aPandey, B. N.
700 _aPandey, P. N.
700 _aMehto, B.
942 _adpl
_cEN
_k660.6 / BIO
_2ddc
_h660.6
_mBIO
999 _c6637
_d6637